|
|
|
|
| LEADER |
01939nam a2200313 a 4500 |
| 001 |
29618 |
| 003 |
BD-DhAAL |
| 005 |
20240911101432.0 |
| 008 |
150819s1978 bg 000 0 eng |
| 010 |
|
|
|a 79900609
|
| 040 |
|
|
|a DLC
|c DLC
|d DLC
|d BD-DhAAL
|
| 082 |
|
|
|a 307.1412095492
|2 22
|
| 245 |
0 |
0 |
|a Bashantek bastuhara survey,
|f 1978.
|
| 264 |
|
|
|a Dacca :
|b Research [and] Evaluation Division , Bangladesh Rural Advancement Committee,
|c 1978.
|
| 300 |
|
|
|a 37 pages ;
|c 34 cm.
|
| 541 |
|
|
|e 29618
|
| 610 |
|
|
|a BRAC
|9 13948
|
| 610 |
|
|
|a Bangladesh Rural Advancement Committee
|9 13949
|
| 650 |
|
|
|a Rural Development
|z Bangladesh.
|9 13950
|
| 710 |
2 |
|
|a Bangladesh Rural Advancement Committee.
|b Research and Evaluation Division.
|9 12971
|
| 852 |
|
|
|a Ayesha Abed Library
|c BRAC Resource Section
|
| 942 |
|
|
|2 ddc
|c BK
|
| 999 |
|
|
|c 35286
|d 35286
|
| 952 |
|
|
|0 0
|1 0
|2 ddc
|4 0
|6 307_141209549200000_BAS
|7 1
|8 RPT
|9 55439
|a BRACUL
|b BRACUL
|c BRS
|d 2015-08-19
|e BRAC
|l 1
|o 307.1412095492 BAS
|p 3010029618
|r 2025-12-30
|s 2025-03-23
|t 1
|w 2015-08-19
|y BK
|
| 952 |
|
|
|0 0
|1 0
|2 ddc
|4 0
|6 307_141209549200000_BAS
|7 1
|8 RPT
|9 55440
|a BRACUL
|b BRACUL
|c BRS
|d 2015-08-19
|e BRAC
|l 1
|o 307.1412095492 BAS
|p 3010029619
|r 2025-12-30
|s 2025-03-23
|t 2
|w 2015-08-19
|y BK
|
| 952 |
|
|
|0 0
|1 0
|2 ddc
|4 0
|6 307_141209549200000_BAS
|7 1
|8 RPT
|9 55441
|a BRACUL
|b BRACUL
|c BRS
|d 2015-08-19
|e BRAC
|l 1
|o 307.1412095492 BAS
|p 3010029620
|r 2025-12-30
|s 2025-03-23
|t 3
|w 2015-08-19
|y BK
|
| 952 |
|
|
|0 0
|1 0
|2 ddc
|4 0
|6 307_141209549200000_BAS
|7 1
|8 RPT
|9 55442
|a BRACUL
|b BRACUL
|c BRS
|d 2015-08-19
|e BRAC
|l 1
|o 307.1412095492 BAS
|p 3010029621
|r 2025-12-30
|s 2025-03-23
|t 4
|w 2015-08-19
|y BK
|
| 952 |
|
|
|0 0
|1 0
|2 ddc
|4 0
|6 307_141209549200000_BAS
|7 1
|8 RPT
|9 56223
|a BRACUL
|b BRACUL
|c BRS
|d 2015-10-11
|e BRAC
|l 1
|o 307.1412095492 BAS
|p 3010029986
|r 2025-12-30
|s 2025-03-23
|t 5
|w 2015-10-11
|y BK
|
| 952 |
|
|
|0 0
|1 0
|2 ddc
|4 0
|6 307_141209549200000_BAS
|7 1
|8 RPT
|9 56225
|a BRACUL
|b BRACUL
|c BRS
|d 2015-10-11
|e BRAC
|l 1
|o 307.1412095492 BAS
|p 3010029987
|r 2025-12-30
|s 2025-03-23
|t 6
|w 2015-10-11
|y BK
|